| 000 | 01213nam a2200253 i 4500 | ||
|---|---|---|---|
| 001 | 163747 | ||
| 003 | ES-MaACL | ||
| 005 | 20251012063057.0 | ||
| 008 | 931025s1775 sp |||| | spa d | ||
| 100 | 1 |
_aRodríguez Campomanes, Pedro, _d1723-1803 _998399 |
|
| 245 | 1 | 0 | _aDiscurso sobre la educación popular de los artesanos, y su fomento. |
| 260 |
_aEn Madrid : _ben la Imprenta de D. Antonio de Sancha, _c1775. |
||
| 300 |
_a[24], 475 p. ; _c8º. |
||
| 530 | _aDisponible en formato digital. | ||
| 594 | _aEncabezamiento tomado de Palau, XVII, 253. | ||
| 595 | _aExisten al menos 2 ediciones del mismo año; una con fe de erratas y signaturas tipográficas en cursiva, y otra sin fe de erratas y sign. tip. en letra redonda, además de otras pequeñas diferencias tipográficas y de composición. | ||
| 597 | _aSign.: *8, 2*4, a-z8, 2a-2f8, 2g6. | ||
| 650 | 4 |
_aArtesanos- _zEspaña. _9154569 |
|
| 650 | 4 |
_aGremios- _zEspaña. _9156366 |
|
| 650 | 4 |
_aComercio- _zEspaña- _yS.XVIII. _9154570 |
|
| 852 |
_aES-MaACL _jR-523 _z- Enc. pasta _x- Olim: G-498-502 |
||
| 856 |
_uhttp://bdh-rd.bne.es/viewer.vm?id=0000045936&page=1 _zBiblioteca Digital Hispánica _z(5 v.) |
||
| 999 |
_c163747 _d163747 |
||